Responses for Show #5805 - Friday, December 4, 2009

Dave Belote game 3.

Contestants

[<< previous game]

Sheryl Silverstein, a patent attorney from Encinitas, California

Chris D'Orso, an assistant director of admissions from Sound Beach, New York

Dave Belote, the base commander from Nellis Air Force Base, Las Vegas (whose 2-day cash winnings total $60,600)

[next game >>]

Jeopardy! Round responses

ART & ARTISTS
MOVIE NAME DROPPERS
SHOE BRANDS
AMERICANA
MY SPACE
"FACE" BOOK
    $200 2
Cubism

Dave
    $200 26
Mary

Dave
    $200 13
Nike

Dave
    $200 21
Chicago

Dave
    $200 7
a comet

Chris
    $200 1
to deface

Sheryl
    $400 9
Rodin

Sheryl
    $400 27
Wanda

Dave
    $400 14
Reebok

Chris
    $400 22
Memorial Day

Dave
    $400 8
the speed of light

Sheryl
    $400 3
boldface

Dave
    $600 10
Diego Rivera

Sheryl
    $600 28
Vinny

Dave
    $600 15
Puma

Chris
    $600 23
Happy Days

Sheryl
    $600 18
(Dave: What are nebula?)

galaxies

DaveSheryl
    $600 4
Face the Nation

Dave
    $1,200 11
(Sheryl: Who is Cézanne?)

Henri Matisse

Sheryl
    $800 29
(Chris: Who is [*]'s?)
[Initially accepted as correct; reversed before Double Jeopardy!]

Rachel

Chris
Triple Stumper
    $800 16
(Alex: Think of basketball--[*].)

Converse

Triple Stumper
    $800 24
flagpoles

Sheryl
    $800 19
ultraviolet

Chris
    $800 5
interface

Dave
    $1000 12
(Alex: And the landscape painter's name was [*].)

John Constable

Triple Stumper
    $1000 30
(Dave: What is Amy?)

Harry

Dave
Triple Stumper
    $1000 17
Stride Rite

Dave
    $1000 25
Oklahoma

Dave
    $1000 20
(Dave: What is Voyager?)

Pioneer

Dave
Triple Stumper
    $1000 6
(Alex: We've had an awful lot of military-type clues in the last three days, and it's all by coincidence I assure you. But you benefited.)

an about-face

Dave

Scores at the first commercial break (after clue 14):

Dave Chris Sheryl
$3,200 $600 $400

Scores at the end of the Jeopardy! Round:

Dave Chris Sheryl
$4,400 $1,200 $2,400

Double Jeopardy! Round responses

21st CENTURY SENATORS
POLKA YOUR EYES OUT
FORESTS
PRIME NUMBER, PLEASE
NONFICTION
"LING" O
    $400 6
Al Franken

Dave
    $400 1
(Dave: What is barrel?)
(Sheryl: Roll out the barrels. What is roll out the barrels?)

Roll out the barrel

DaveSheryl
Triple Stumper
    $400 26
Yellowstone

Dave
    $400 21
13

Sheryl
    $400 11
Carrie Fisher

Dave
    $400 16
curling

Sheryl
    $800 7
(Barbara) Boxer

Dave
    $800 2
(Dave: What is 4/4?)
(Sheryl: What is 3/4?)

2/4

DaveChrisSheryl
    $800 27
Joyce Kilmer

Triple Stumper
    $800 22
409

Chris
    $800 12
Mount Everest

Triple Stumper
    $800 17
"The Ugly Duckling"

Dave
    $1200 8
Harry Reid

Dave
    $1200 3
Lawrence Welk

Dave
    $1200 28
Nez Percé

Triple Stumper
    $1200 23
73

Chris
    $1200 13
Abraham Lincoln

Sheryl
    $1200 18
a fingerling

Sheryl
    $1600 9
Arlen Specter

Sheryl
    $1600 4
(Sheryl: What are bears?)

elephants

Sheryl
Triple Stumper
    $1600 29
bristlecone pines

Dave
    $1600 24
787

Dave
    $1600 14
Lenin

Dave
    $1600 19
rifling

Dave
    $2000 10
Illinois

Dave
    $2000 5
the Czech Republic

Dave
    $2,800 30
the Ardennes

Dave
    $2000 25
2011

Sheryl
    $4,000 15
Crowded

Dave
    $2000 20
a foundling

Chris

Scores at the end of the Double Jeopardy! Round:

Dave Chris Sheryl
$25,600 $6,000 $6,400
(lock game)

[wagering suggestions for these scores]

Final Jeopardy! Round responses

THE 13th CENTURY
ChrisWho was da Gama?
$0
SherylWho was Marco Polo?
$6,000
DaveWho was Prince Henry?
$4,400
Marco Polo

Final scores:

Dave Chris Sheryl
$21,200 $6,000 $12,400
3-day champion: $81,800 3rd place: $1,000 2nd place: $2,000

Game dynamics:

Coryat scores:

Dave Chris Sheryl
$22,800 $6,000 $7,600
28 R
(including 2 DDs),
5 W
8 R,
1 W
13 R,
4 W
(including 1 DD)

Combined Coryat: $36,400

[game clues] [game scores] [suggest correction]

Game tape date: 2009-10-14
The J! Archive is created by fans, for fans. Scraping, republication, monetization, and malicious use prohibited; this site may use cookies and collect identifying information. See terms. The Jeopardy! game show and all elements thereof, including but not limited to copyright and trademark thereto, are the property of Jeopardy Productions, Inc. and are protected under law. This website is not affiliated with, sponsored by, or operated by Jeopardy Productions, Inc. Join the discussion at JBoard.tv.